| 000 | 00453nam a2200181Ia 4500 | ||
|---|---|---|---|
| 005 | 20240729021544.0 | ||
| 008 | 240331s9999 xx 000 0 und d | ||
| 020 | _a8172000030 | ||
| 082 |
_a294.3 _bKHO |
||
| 100 | _aKhosla, S | ||
| 245 | 0 | _aLalitavistara and the evolution of Buddha legend | |
| 260 |
_aNew Delhi _bGalaxy Publications _c1991 |
||
| 300 | _axvi, 141 p ., | ||
| 650 | _aReligion | ||
| 650 | _aPolitical | ||
| 650 | _aSocial | ||
| 942 | _cL | ||
| 999 |
_c922 _d922 |
||